Sports Quiz

Random Sports or Baseball Quiz

Extra base hits 2001-2010 Quiz Stats

 Plays Quiz not verified by Sporcle

Also try: NCAA Helmets II
Challenge
Share
Tweet
Embed
Score 0/20 Timer 04:00
0 Plays Today
Player % Correct
Alex Rodriguez
98.6%
Albert Pujols
97.2%
Manny Ramirez
94.8%
Aramis Ramirez
93.9%
David Ortiz
86.3%
Todd Helton
84%
Carlos Lee
80.7%
Derrek Lee
80.7%
Lance Berkman
75%
Vladimir Guerrero
75%
Player % Correct
Mark Teixeira
73.1%
Adam Dunn
71.2%
Paul Konerko
71.2%
Carlos Beltran
70.3%
Jimmy Rollins
65.1%
Alfonso Soriano
63.2%
Miguel Tejada
62.3%
Torii Hunter
55.2%
Adrian Beltre
50.9%
Bobby Abreu
42.9%

You're not logged in!

Compare scores with friends on all Sporcle quizzes.
OR
Log In

You Might Also Like...

Show Comments

Extras

Top Quizzes Today


Score Distribution

Your Account Isn't Verified!

In order to create a playlist on Sporcle, you need to verify the email address you used during registration. Go to your Sporcle Settings to finish the process.

Report this User

Report this user for behavior that violates our Community Guidelines.

Details: